5HLuxD.jpg

KING HENRY VIII SENIOR AND PRIMARY SCHOOL LIBRARY OPAC

The front room / (Record no. 201)

000 -LEADER
fixed length control field 01025nam a2200337 i 4500
001 - CONTROL NUMBER
control field 020604400
003 - CONTROL NUMBER IDENTIFIER
control field UkOxU
005 - DATE AND TIME OF LATEST TRANSACTION
control field 20190801090931.0
008 - FIXED-LENGTH DATA ELEMENTS--GENERAL INFORMATION
fixed length control field 160630s2016 stka j 000 f eng c
015 ## - NATIONAL BIBLIOGRAPHY NUMBER
National bibliography number GBB647283
Source bnb
020 ## - INTERNATIONAL STANDARD BOOK NUMBER
International Standard Book Number 9781781125014 (pbk.) :
035 ## - SYSTEM CONTROL NUMBER
System control number (StEdNL)7336169
035 ## - SYSTEM CONTROL NUMBER
System control number (Uk)017795853
040 ## - CATALOGING SOURCE
Original cataloging agency StDuBDS
Language of cataloging eng
Transcribing agency StDuBDS
Modifying agency StEdNL
Description conventions rda
042 ## - AUTHENTICATION CODE
Authentication code ukscp
082 04 - DEWEY DECIMAL CLASSIFICATION NUMBER
Classification number FIC MAG
Edition number 23
100 1# - MAIN ENTRY--PERSONAL NAME
Personal name Magorian, Michelle,
Relator term author.
245 14 - TITLE STATEMENT
Title The front room /
Statement of responsibility, etc. Michelle Magorian ; with illustrations by Vladimir Stankovic.
264 #1 - PRODUCTION, PUBLICATION, DISTRIBUTION, MANUFACTURE, AND COPYRIGHT NOTICE
Place of production, publication, distribution, manufacture Edinburgh :
Name of producer, publisher, distributor, manufacturer Barrington Stoke,
Date of production, publication, distribution, manufacture, or copyright notice 2016.
300 ## - PHYSICAL DESCRIPTION
Extent 67 pages :
Other physical details illustrations ;
Dimensions 20 cm
336 ## - CONTENT TYPE
Content type term text
Source rdacontent
337 ## - MEDIA TYPE
Media type term unmediated
Source rdamedia
338 ## - CARRIER TYPE
Carrier type term volume
Source rdacarrier
500 ## - GENERAL NOTE
General note Super readable label
655 #0 - INDEX TERM--GENRE/FORM
Genre/form data or focus term Horror tales.
655 #0 - INDEX TERM--GENRE/FORM
Genre/form data or focus term Young adult fiction.
655 #0 - INDEX TERM--GENRE/FORM
Genre/form data or focus term Easy reading
700 1# - ADDED ENTRY--PERSONAL NAME
Personal name Stankovic, Vladimir
Titles and other words associated with a name (Illustrator),
Relator term illustrator.
942 ## - ADDED ENTRY ELEMENTS (KOHA)
Source of classification or shelving scheme
Koha item type Books - Fiction
Holdings
Withdrawn status Lost status Source of classification or shelving scheme Damaged status Not for loan Collection code Permanent Location Current Location Shelving location Date acquired Full call number Barcode Date last seen Price effective from Koha item type
          Fiction KH8 Senior School Library KH8 Senior School Library Easy Reading 2019-08-01 FIC MAG 3KHSL000100128 2024-07-23 2019-08-01 Books - Fiction

Powered By KH8 IT Dept